[Event "oibm_2008"]
[Site "Bad Wiessee"]
[Date "2008.11.02"]
[Round "2.12"]
[White "Hohlfeld, Wolfgang"]
[Black "Handke, Florian"]
[Result "0-1"]
[WhiteElo "2154"]
[BlackElo "2498"]
[PlyCount "84"]
[EventDate "2008.??.??"]

1. e4 c5 2. c3 d5 3. exd5 Qxd5 4. d4 Nf6 5. Nf3 e6 6. Bd3 cxd4 7. cxd4 Nc6 8.
Nc3 Qd8 9. O-O Be7 10. Re1 O-O 11. a3 b6 12. Bc2 Bb7 13. Qd3 g6 14. Bh6 Re8 15.
Rad1 Rc8 16. Bb3 Na5 17. Ba2 Nd5 18. Ne5 Bf8 19. Bxf8 Rxf8 20. Qg3 Nxc3 21.
bxc3 Bd5 22. Bb1 Qc7 23. Qh4 f5 24. Re3 Nc4 25. Nxc4 Qxc4 26. Qe7 Rf7 27. Qb4
Rfc7 28. Qd6 Qc6 29. Qe5 Rf7 30. Qf4 Qc7 31. Qh6 Qd6 32. Rde1 Qf8 33. Qf4 Rc6
34. h4 Rfc7 35. h5 gxh5 36. Rg3+ Rg7 37. Ree3 Rg4 38. Qe5 Rc8 39. Bd3 Rxc3 40.
Bxf5 Rc1+ 41. Kh2 Qxf5 42. Qd6 Qg5 0-1

[Event "oibm_2008"]
[Site "Bad Wiessee"]
[Date "2008.11.02"]
[Round "2.14"]
[White "Hönnekes, Klaus"]
[Black "Hossain, Enamul"]
[Result "0-1"]
[WhiteElo "2148"]
[BlackElo "2494"]
[PlyCount "132"]
[EventDate "2008.??.??"]

1. e4 c5 2. Nf3 e6 3. d4 cxd4 4. Nxd4 a6 5. a3 Nf6 6. Nc3 Qc7 7. g3 Nc6 8. Nxc6
dxc6 9. Bg2 e5 10. h3 Be6 11. O-O Bc5 12. Qf3 h5 13. Na4 Bd4 14. c3 Ba7 15. Be3
c5 16. b4 Nd7 17. Rac1 Qc6 18. Nb2 Qc8 19. Rfd1 f6 20. Bf1 Nf8 21. Nc4 Bxc4 22.
Bxc4 Qxh3 23. Qf5 Qxf5 24. exf5 Rc8 25. b5 axb5 26. Bxb5+ Ke7 27. Rd5 g6 28.
fxg6 Rg8 29. Rcd1 Rxg6 30. Bd3 Rg7 31. Bf5 Rc7 32. Kf1 Ne6 33. Bh6 Rg8 34. Be3
Rh8 35. Ke2 h4 36. Rg1 h3 37. Rh1 h2 38. Kf3 Ng7 39. Bc2 Ke6 40. Rdd1 Nf5 41.
Ba4 Nxe3 42. Kxe3 c4+ 43. Kf3 Bc5 44. Kg2 Bxa3 45. Rxh2 Rxh2+ 46. Kxh2 Bb2 47.
Bb5 Rc5 48. Bd7+ Ke7 49. Bf5 Rc7 50. Kg2 Bxc3 51. Rb1 Bd4 52. f3 Kd6 53. Be4 b6
54. Rb5 Ra7 55. Rd5+ Ke7 56. Bf5 c3 57. Kh3 Rc7 58. Bc2 Rc4 59. Rb5 Be3 60. Rb3
Bc5 61. g4 Kd6 62. Kh4 Be3 63. Kh5 Kc5 64. Bd3 b5 65. Kg6 Bg5 66. Bc2 b4 0-1

[Event "oibm_2008"]
[Site "Bad Wiessee"]
[Date "2008.11.02"]
[Round "2.15"]
[White "Farago, Ivan"]
[Black "Sondermann, Johannes"]
[Result "1-0"]
[WhiteElo "2489"]
[BlackElo "2148"]
[PlyCount "143"]
[EventDate "2008.??.??"]

1. d4 Nf6 2. c4 e6 3. Nc3 Bb4 4. Qc2 d5 5. a3 Bxc3+ 6. Qxc3 Ne4 7. Qc2 O-O 8.
Nf3 b6 9. e3 Bb7 10. Bd3 Nd7 11. O-O c5 12. b3 Rc8 13. Bb2 b5 14. Rac1 f5 15.
Qe2 bxc4 16. bxc4 Qa5 17. Rfd1 Rfd8 18. Bxe4 fxe4 19. Ng5 Nf8 20. Qg4 Qb6 21.
Ba1 h6 22. dxc5 Qc7 23. Nxe6 Nxe6 24. Qxe6+ Qf7 25. cxd5 Bxd5 26. Qxf7+ Kxf7
27. Bd4 Bc6 28. Rb1 Rd7 29. f4 exf3 30. gxf3 Ke6 31. Kf2 Rf8 32. f4 g5 33. Be5
gxf4 34. Bxf4 Rg8 35. Rxd7 Rg2+ 36. Kf1 Kxd7 37. Rd1+ Kc8 38. Rd6 Bf3 39. Rxh6
Rc2 40. Rh7 a5 41. Rc7+ Kd8 42. h4 Bg2+ 43. Ke1 Bf3 44. Rf7 Ke8 45. Rf5 Re2+
46. Kf1 Ra2 47. c6 Rxa3 48. c7 Bb7 49. Rd5 Ke7 50. h5 a4 51. h6 Ra1+ 52. Kf2 a3
53. Ra5 Ke6 54. Bh2 Ra2+ 55. Kg3 Kf7 56. Ra7 Bc8 57. Ra8 Rc2 58. Rxc8 a2 59.
Ra8 Rxc7 60. Rxa2 Rc6 61. Ra7+ Kg8 62. Kf3 Rxh6 63. Bf4 Rh1 64. e4 Kf8 65. e5
Re1 66. Kg4 Rf1 67. Kf5 Ke8 68. Ke6 Kf8 69. Bg5 Rb1 70. Bf6 Rb6+ 71. Kf5 Rb1
72. Ra8+ 1-0

[Event "oibm_2008"]
[Site "Bad Wiessee"]
[Date "2008.11.02"]
[Round "2.16"]
[White "Herbold, Manfred"]
[Black "Schneider, Ilja"]
[Result "0-1"]
[WhiteElo "2148"]
[BlackElo "2486"]
[PlyCount "81"]
[EventDate "2008.??.??"]

1. Nf3 Nf6 2. c4 e6 3. d4 d5 4. Nc3 dxc4 5. e4 Bb4 6. Qc2 b5 7. a4 c6 8. Bd2
Bb7 9. e5 Nd5 10. Ne4 f5 11. exf6 Bxd2+ 12. Qxd2 Nxf6 13. Nc5 Qe7 14. Be2 Na6
15. Nxa6 Bxa6 16. axb5 Bxb5 17. O-O O-O 18. Rfe1 Ne4 19. Qc2 Nd6 20. Ra3 Qf6
21. Bf1 Nf5 22. Re4 Kh8 23. g4 Nd6 24. Re5 Nf7 25. g5 Qd8 26. Rc5 Nd6 27. h4 c3
28. Rcxc3 Bxf1 29. Kxf1 Nb5 30. Qe4 Qd5 31. Qg4 Nxa3 32. bxa3 Rab8 33. g6 hxg6
34. Ne5 Qh1+ 35. Ke2 Rb2+ 36. Rc2 Rxc2+ 37. Kd3 Qf1+ 38. Kxc2 Rxf2+ 39. Kc3
Qc1+ 40. Kd3 Qc2+ 41. Ke3 0-1

[Event "oibm_2008"]
[Site "Bad Wiessee"]
[Date "2008.11.02"]
[Round "2.17"]
[White "Jänig, Reinhard"]
[Black "Llaneza Vega, Marcos"]
[Result "0-1"]
[WhiteElo "2140"]
[BlackElo "2485"]
[PlyCount "56"]
[EventDate "2008.??.??"]

1. e4 c6 2. d4 d5 3. exd5 cxd5 4. Bd3 Nc6 5. c3 Qc7 6. h3 Nf6 7. Nf3 g6 8. O-O
Bf5 9. Be2 Bg7 10. Be3 O-O 11. Qc1 Rfe8 12. Bf4 Qb6 13. Nbd2 Rac8 14. g4 Bd7
15. Nb3 Ne4 16. Qe3 a5 17. Nfd2 Nxd2 18. Qxd2 e5 19. dxe5 Bxe5 20. Be3 Qc7 21.
Nc5 Rcd8 22. Nxd7 Rxd7 23. Bb5 d4 24. Rad1 Rdd8 25. Bg5 f6 26. f4 fxg5 27. fxe5
dxc3 28. Qxc3 Qb6+ 0-1

[Event "oibm_2008"]
[Site "Bad Wiessee"]
[Date "2008.11.02"]
[Round "2.18"]
[White "Henrichs, Thomas"]
[Black "Jussupow, Ekaterina"]
[Result "1-0"]
[WhiteElo "2485"]
[BlackElo "2140"]
[PlyCount "65"]
[EventDate "2008.??.??"]

1. d4 d5 2. c4 e6 3. Nc3 Nf6 4. cxd5 exd5 5. Bg5 Be7 6. e3 O-O 7. Bd3 Nbd7 8.
Nf3 Re8 9. Qc2 Nf8 10. h3 Be6 11. O-O c6 12. Ne5 Qc8 13. f4 Nh5 14. Bxe7 Rxe7
15. Qf2 f6 16. Qh4 fxe5 17. Qxe7 e4 18. f5 Bf7 19. Be2 Ng3 20. Rf2 Nxf5 21. Qe5
Be6 22. Bh5 Nxe3 23. Rxf8+ Qxf8 24. Qxe6+ Kh8 25. Re1 Nc2 26. Rf1 Qb4 27. Be8
h6 28. Qf7 Kh7 29. Ne2 Nxd4 30. Nxd4 Qxd4+ 31. Kh1 Qe5 32. Qg6+ Kg8 33. Rf8+
1-0

[Event "oibm_2008"]
[Site "Bad Wiessee"]
[Date "2008.11.02"]
[Round "2.19"]
[White "Mainka, Romuald"]
[Black "Grohde, Wolfgang"]
[Result "1-0"]
[WhiteElo "2482"]
[BlackElo "2138"]
[PlyCount "105"]
[EventDate "2008.??.??"]

1. e4 c5 2. Nf3 e6 3. Nc3 a6 4. g3 d6 5. Bg2 Nf6 6. O-O Be7 7. d3 Nc6 8. Ng5 h6
9. Nh3 e5 10. f4 Bg4 11. Qd2 Bxh3 12. Bxh3 O-O 13. Qg2 Nd4 14. Nd1 Nh7 15. Ne3
Nf6 16. Bd2 b5 17. Kh1 Kh7 18. Rf2 Ra7 19. Raf1 b4 20. c3 bxc3 21. bxc3 Nc6 22.
Nc4 Qb8 23. Bf5+ Kh8 24. Qh3 Ng8 25. Bg4 Bf6 26. Bd1 Nd8 27. Ne3 Rb7 28. Ng4
Qc8 29. fxe5 Bxe5 30. Qh5 g6 31. Qh4 h5 32. Ne3 f6 33. Kg2 Rh7 34. Qh3 Ne6 35.
Bb3 Ng5 36. Qxc8 Rxc8 37. Bxg8 Kxg8 38. Nd5 h4 39. gxh4 Rxh4 40. Bxg5 Rxh2+ 41.
Kg1 Rxf2 42. Rxf2 Rb8 43. Bxf6 Rb1+ 44. Kg2 Rd1 45. Bxe5 dxe5 46. Rf6 Kg7 47.
Rxa6 Rxd3 48. a4 Rd2+ 49. Kf3 Ra2 50. a5 Ra3 51. Ra8 Ra4 52. a6 g5 53. a7 1-0

[Event "oibm_2008"]
[Site "Bad Wiessee"]
[Date "2008.11.02"]
[Round "2.21"]
[White "Meins, Gerlef"]
[Black "Lederle, Vitus"]
[Result "1-0"]
[WhiteElo "2460"]
[BlackElo "2135"]
[PlyCount "83"]
[EventDate "2008.??.??"]

1. d4 Nf6 2. c4 g6 3. Nc3 d5 4. Bf4 Bg7 5. Nf3 O-O 6. Rc1 dxc4 7. e4 c5 8. d5
Qa5 9. e5 Ne4 10. Bxc4 b5 11. Be2 Nxc3 12. bxc3 Rd8 13. O-O c4 14. a4 a6 15.
Ra1 Bb7 16. axb5 Qxc3 17. Rc1 Qa5 18. Bxc4 axb5 19. Bb3 Na6 20. d6 exd6 21.
exd6 Qb4 22. Bg3 Nc5 23. Bd5 Bxd5 24. Qxd5 Ne6 25. Rb1 Qc4 26. Rxb5 Qxd5 27.
Rxd5 Rd7 28. Rfd1 h6 29. Kf1 Ra4 30. Rb5 Bf6 31. Ne5 Rda7 32. d7 Ra8 33. Nc6
Ra1 34. Rbd5 Rxd1+ 35. Rxd1 Nd8 36. Nxd8 Bxd8 37. Re1 Kg7 38. Re8 f6 39. Ke2
Kf7 40. Kd3 f5 41. Be5 Ra3+ 42. Kc4 1-0

[Event "oibm_2008"]
[Site "Bad Wiessee"]
[Date "2008.11.02"]
[Round "2.22"]
[White "Bartels, Holger"]
[Black "Haub, Thorsten Michael"]
[Result "0-1"]
[WhiteElo "2133"]
[BlackElo "2454"]
[PlyCount "96"]
[EventDate "2008.??.??"]

1. e4 g6 2. d4 Bg7 3. c4 d6 4. Nc3 a6 5. Nf3 e6 6. Be2 Nd7 7. O-O Ne7 8. Be3 h6
9. Rc1 O-O 10. g3 f5 11. e5 g5 12. exd6 cxd6 13. Rc2 b6 14. Ne1 f4 15. Bc1 Nf5
16. Bf3 Ra7 17. Rd2 Rc7 18. b3 b5 19. Bb2 bxc4 20. bxc4 Nb6 21. Ba1 Nxc4 22.
Rd3 Bd7 23. Ng2 fxg3 24. hxg3 d5 25. Re1 Kh8 26. Na4 Bxa4 27. Qxa4 Qd6 28. Bg4
a5 29. Bc3 Rb7 30. Bxf5 exf5 31. Ne3 f4 32. Nxc4 dxc4 33. Qxc4 fxg3 34. Rxg3
Rc7 35. Qe6 Qf4 36. Qe3 Qf5 37. Bb2 Re7 38. Qd2 Qf4 39. Bc1 Bxd4 40. Rg2 Rxe1+
41. Qxe1 Qf5 42. Qd2 Qe5 43. Kf1 Qe4 44. Kg1 Rc8 45. Rh2 Kg7 46. Ba3 Rc2 47.
Qxa5 Rc3 48. Bf8+ Kg8 0-1

[Event "oibm_2008"]
[Site "Bad Wiessee"]
[Date "2008.11.02"]
[Round "2.23"]
[White "Zude, Arno"]
[Black "Weichelt, Jens"]
[Result "1-0"]
[WhiteElo "2451"]
[BlackElo "2132"]
[PlyCount "75"]
[EventDate "2008.??.??"]

1. e4 Nf6 2. e5 Nd5 3. c4 Nb6 4. d4 d6 5. exd6 cxd6 6. Nc3 g6 7. Be3 Bg7 8. Rc1
O-O 9. b3 Nc6 10. d5 Ne5 11. Be2 Ned7 12. Nf3 Nf6 13. O-O Nbd7 14. Nd4 Nc5 15.
Bf3 a5 16. Re1 Re8 17. h3 Kh8 18. Ndb5 Rb8 19. Qd2 Kg8 20. Rcd1 Nfd7 21. Bg5
Nf6 22. Qf4 Bf5 23. Qe3 Qc8 24. g4 Bd7 25. Qf4 Bxb5 26. Nxb5 Qd7 27. Re3 Kf8
28. Bh6 Rbd8 29. Rde1 Kg8 30. Bxg7 Kxg7 31. g5 Ng8 32. Qd4+ Kf8 33. Bg4 e6 34.
dxe6 Nxe6 35. Qh8 Qc6 36. Bxe6 Rxe6 37. Rxe6 fxe6 38. Nd4 1-0

[Event "oibm_2008"]
[Site "Bad Wiessee"]
[Date "2008.11.02"]
[Round "2.25"]
[White "Pirrot, Dieter"]
[Black "van den Bersselaar, Jeroen"]
[Result "0-1"]
[WhiteElo "2446"]
[BlackElo "2129"]
[PlyCount "58"]
[EventDate "2008.??.??"]

1. e4 c6 2. d4 d5 3. f3 dxe4 4. fxe4 e5 5. Nf3 Bg4 6. Bc4 Nd7 7. O-O Ngf6 8. c3
Bd6 9. Bg5 O-O 10. Nbd2 Qc7 11. Qc2 b5 12. Bd3 Bh5 13. Kh1 h6 14. dxe5 Bxe5 15.
Nxe5 hxg5 16. Nef3 Rad8 17. Nxg5 Ne5 18. Ndf3 Nxd3 19. Nd4 Ng4 20. g3 Nde5 21.
Rae1 Qe7 22. Nh3 Bg6 23. Nf4 Bh7 24. Qg2 Qd7 25. h3 Nf6 26. g4 c5 27. Nf5 Nd3
28. Qg3 Nxe1 29. Qh4 Nf3 0-1

[Event "oibm_2008"]
[Site "Bad Wiessee"]
[Date "2008.11.02"]
[Round "2.26"]
[White "Kneutgen, Alexander"]
[Black "Khmelniker, Ilya"]
[Result "0-1"]
[WhiteElo "2126"]
[BlackElo "2443"]
[PlyCount "54"]
[EventDate "2008.??.??"]

1. e4 e5 2. Nf3 Nc6 3. Bb5 a6 4. Ba4 Nf6 5. d4 exd4 6. O-O Be7 7. Re1 b5 8. e5
Nxe5 9. Nxe5 bxa4 10. Qxd4 O-O 11. Qxa4 Rb8 12. Nd3 Nd5 13. Bd2 Bf6 14. Na3 d6
15. Qa5 Bb7 16. c4 Nb6 17. Rac1 Qd7 18. Qh5 g6 19. Qe2 Rfe8 20. Be3 Na4 21. Nb1
d5 22. Qc2 dxc4 23. Qxc4 Nxb2 24. Nxb2 Bxb2 25. Rcd1 Qc6 26. Qxc6 Bxc6 27. h3
Ba4 0-1

[Event "oibm_2008"]
[Site "Bad Wiessee"]
[Date "2008.11.02"]
[Round "2.27"]
[White "Kaplan, Sasha"]
[Black "Schrems, Hermann"]
[Result "1-0"]
[WhiteElo "2425"]
[BlackElo "2126"]
[PlyCount "69"]
[EventDate "2008.??.??"]

1. e4 Nf6 2. e5 Nd5 3. d4 d6 4. c4 Nb6 5. exd6 exd6 6. Nc3 Be7 7. h3 Nc6 8. Nf3
Bf5 9. d5 Ne5 10. Nxe5 dxe5 11. Be3 c6 12. d6 Bg5 13. Qd2 Bxe3 14. Qxe3 O-O 15.
Be2 Nd7 16. O-O Qb6 17. Qd2 Qd4 18. Qg5 Be6 19. Rfd1 Qb6 20. Qd2 f5 21. b4 Rae8
22. b5 Qd8 23. bxc6 bxc6 24. Rab1 Qh4 25. Rb7 Rf6 26. Nd5 cxd5 27. cxd5 Nc5 28.
Rb4 Ne4 29. Rxe4 fxe4 30. dxe6 Qxf2+ 31. Kh1 e3 32. d7 Ref8 33. Qd5 Qxe2 34.
e7+ Kh8 35. exf8=Q+ 1-0

[Event "oibm_2008"]
[Site "Bad Wiessee"]
[Date "2008.11.02"]
[Round "2.28"]
[White "Lopatin, Olga"]
[Black "Skembris, Spyridon"]
[Result "0-1"]
[WhiteElo "2125"]
[BlackElo "2422"]
[PlyCount "102"]
[EventDate "2008.??.??"]

1. Nf3 c5 2. b3 Nc6 3. Bb2 Nf6 4. e3 g6 5. Be2 Bg7 6. h4 d5 7. d3 d4 8. e4 e5
9. Nbd2 O-O 10. Ng5 h6 11. Nh3 h5 12. Nf3 Ng4 13. Bc1 Bd7 14. Bg5 f6 15. Bd2 a5
16. a4 Nb4 17. Qc1 Kh7 18. O-O Bh6 19. Kh1 Qe7 20. Bxh6 Nxh6 21. Nhg1 Ng4 22.
Qd2 Qg7 23. Bd1 Qh6 24. Nh3 Kg7 25. Qxh6+ Nxh6 26. Nhg1 Bg4 27. Ne1 f5 28. Ngf3
fxe4 29. dxe4 Bxf3 30. Bxf3 Rac8 31. c3 dxc3 32. Rc1 Rfd8 33. Rxc3 Rd2 34. Kg1
b6 35. g3 Rcd8 36. Re3 Nc6 37. Re2 Nf7 38. Kg2 R2d6 39. Re3 Nd4 40. Be2 Nxe2
41. Rxe2 Rd2 42. Re3 Kf6 43. g4 hxg4 44. Kg3 Nh6 45. f3 gxf3 46. Nxf3 Rd1 47.
Rf2 Ke6 48. Ng5+ Ke7 49. Ref3 R1d3 50. Re2 Nf7 51. Kg4 Ke8 0-1

[Event "oibm_2008"]
[Site "Bad Wiessee"]
[Date "2008.11.02"]
[Round "2.29"]
[White "Devereaux, Maxim"]
[Black "Fischer, Gerd"]
[Result "1-0"]
[WhiteElo "2415"]
[BlackElo "2125"]
[PlyCount "59"]
[EventDate "2008.??.??"]

1. d4 d5 2. c4 c6 3. Nf3 Bf5 4. Nc3 e6 5. Qb3 Qc8 6. Nh4 Ne7 7. Bd2 h6 8. Nxf5
Nxf5 9. e3 Nd7 10. Rc1 Nf6 11. Bd3 Nd6 12. cxd5 exd5 13. f3 Qe6 14. O-O Be7 15.
e4 O-O 16. exd5 Nxd5 17. Rfe1 Qd7 18. Nxd5 cxd5 19. Qxd5 Rfd8 20. Bc3 Bf6 21.
Rcd1 Rac8 22. Qb3 Re8 23. Rxe8+ Rxe8 24. Bf1 a6 25. Qd5 Re6 26. b3 Qc7 27. Rc1
b5 28. Bb2 Qb6 29. Rc6 Qb7 30. Rxd6 1-0

[Event "oibm_2008"]
[Site "Bad Wiessee"]
[Date "2008.11.02"]
[Round "2.30"]
[White "Graf, Christian"]
[Black "Reutsky, Sergei"]
[Result "1/2-1/2"]
[WhiteElo "2123"]
[BlackElo "2411"]
[PlyCount "118"]
[EventDate "2008.??.??"]

1. e4 e6 2. d4 d5 3. Nd2 c5 4. exd5 Qxd5 5. Ngf3 cxd4 6. Bc4 Qd6 7. O-O Nf6 8.
Nb3 Nc6 9. Nbxd4 Nxd4 10. Qxd4 Bd7 11. Bf4 Qxd4 12. Nxd4 Bc5 13. Nf3 Rc8 14.
Bb3 Bb5 15. c4 Bc6 16. Ne5 Be4 17. Rad1 O-O 18. Nd7 Nxd7 19. Rxd7 Bc6 20. Rd3
Rfd8 21. Rfd1 Rxd3 22. Rxd3 a5 23. Bd1 f6 24. Bd2 b6 25. Kf1 Kf7 26. Be3 Be8
27. Be2 Ke7 28. Bxc5+ Rxc5 29. Rc3 e5 30. g3 Bf7 31. a3 a4 32. Ke1 Kd6 33. Bd1
Be8 34. Be2 Bg6 35. Kd2 Ra5 36. Rc1 Kc5 37. Kc3 Be4 38. Rd1 Bc6 39. Rd8 Ra7 40.
Bd1 Rc7 41. Bc2 e4 42. Bd1 Re7 43. Rc8 Ra7 44. Bc2 f5 45. h4 Kd6 46. Rb8 Kc5
47. Rc8 b5 48. cxb5 Kxb5 49. Rb8+ Kc5 50. Rc8 Kd6 51. Kd4 Bd7 52. Rb8 Rc7 53.
Rb6+ Ke7 54. Bd1 Rc1 55. Be2 Be6 56. Rb7+ Kf6 57. Rb6 Rc2 58. Ke3 Rc5 59. Bd1
Ra5 1/2-1/2

[Event "oibm_2008"]
[Site "Bad Wiessee"]
[Date "2008.11.02"]
[Round "2.32"]
[White "Deues, Erik"]
[Black "Jugelt, Tobias"]
[Result "0-1"]
[WhiteElo "2116"]
[BlackElo "2394"]
[PlyCount "54"]
[EventDate "2008.??.??"]

1. d4 d5 2. Nf3 Nf6 3. c4 c6 4. Nc3 g6 5. Bf4 Bg7 6. e3 O-O 7. h3 Be6 8. Ne5
Nbd7 9. Qb3 Nxe5 10. Bxe5 Qd7 11. c5 Nh5 12. Bh2 Bh8 13. g4 Ng7 14. Be2 f6 15.
O-O-O Bf7 16. f4 b6 17. Qa3 f5 18. b4 Rfb8 19. Kd2 Ne6 20. Rb1 a5 21. b5 bxc5
22. bxc6 Qxc6 23. Bb5 Qd6 24. gxf5 gxf5 25. Rhg1+ Kf8 26. dxc5 Nxc5 27. Ke1
Nd3+ 0-1

[Event "oibm_2008"]
[Site "Bad Wiessee"]
[Date "2008.11.02"]
[Round "2.34"]
[White "Naundorf, Maik"]
[Black "Forchert, Martin"]
[Result "1/2-1/2"]
[WhiteElo "2110"]
[BlackElo "2385"]
[PlyCount "150"]
[EventDate "2008.??.??"]

1. Nf3 d5 2. c4 c6 3. e3 Nf6 4. Qc2 a6 5. h3 g6 6. b3 Bg7 7. Bb2 O-O 8. Be2 b5
9. O-O Nbd7 10. d3 Bb7 11. Nbd2 c5 12. Ne5 Rc8 13. Ndf3 Nb6 14. Rac1 Ne8 15.
Nd2 f6 16. Nef3 Nd6 17. cxd5 Nxd5 18. Qb1 Qd7 19. a3 e5 20. Rfd1 Qe7 21. Bf1
Rfe8 22. Ba1 Nf7 23. Ne1 f5 24. e4 Nf6 25. b4 cxb4 26. axb4 Bh6 27. Rxc8 Rxc8
28. exf5 gxf5 29. Ndf3 Nd5 30. g3 Nc3 31. Bxc3 Rxc3 32. Qb2 Rc7 33. Nh4 Bc8 34.
Bg2 Qd6 35. Nc2 Bg5 36. Ne3 Bxh4 37. gxh4 Be6 38. d4 e4 39. d5 Bd7 40. Rd4 Ne5
41. Qd2 Kf7 42. Nf1 Rc8 43. Ng3 Rg8 44. Kh1 Nc4 45. Qe2 Qf6 46. Rxc4 bxc4 47.
Qxc4 Rc8 48. Qe2 Qxh4 49. Qxa6 Rc1+ 50. Kh2 Qf4 51. Qe2 Rb1 52. d6 Qxd6 53.
Qa2+ Be6 54. Qxb1 h5 55. Kg1 e3 56. Qe1 h4 57. Nf1 exf2+ 58. Qxf2 Qxb4 59. Bd5
Kf6 60. Bxe6 Kxe6 61. Qe3+ Kf6 62. Nd2 f4 63. Qc3+ Qxc3 64. Ne4+ Ke5 65. Nxc3
Kd4 66. Nd1 Kd3 67. Nf2+ Ke2 68. Kg2 f3+ 69. Kg1 Ke1 70. Ng4 Ke2 71. Nf2 Ke1
72. Nd3+ Ke2 73. Nf2 Ke1 74. Ng4 Ke2 75. Nf2 Ke1 1/2-1/2

[Event "oibm_2008"]
[Site "Bad Wiessee"]
[Date "2008.11.02"]
[Round "2.35"]
[White "Kummerow, Heiko"]
[Black "Finsterwalder, Sebastian"]
[Result "1-0"]
[WhiteElo "2357"]
[BlackElo "2113"]
[PlyCount "119"]
[EventDate "2008.??.??"]

1. e4 e6 2. d4 d5 3. Nd2 c5 4. exd5 Qxd5 5. Ngf3 cxd4 6. Bc4 Qd6 7. O-O Nf6 8.
Nb3 Nc6 9. Nbxd4 Nxd4 10. Nxd4 a6 11. Bb3 Qc7 12. Re1 Bd6 13. h3 O-O 14. Qe2 b5
15. Bg5 Bb7 16. Rad1 Kh8 17. c3 Nd5 18. Qg4 Nf4 19. Bxf4 Bxf4 20. Bxe6 Rad8 21.
Bb3 Bh2+ 22. Kh1 Be5 23. a3 g6 24. Qg5 Rde8 25. Nc2 Bg7 26. Kg1 h6 27. Qg4
Rxe1+ 28. Rxe1 Be5 29. Ne3 Kh7 30. Bd5 Bc8 31. Qd1 Re8 32. Qf3 Bh2+ 33. Kh1 Bf4
34. Nc2 Rxe1+ 35. Nxe1 Bf5 36. g4 Bb1 37. Ng2 g5 38. Nxf4 gxf4 39. Be4+ Bxe4
40. Qxe4+ Kg7 41. Kg2 Kg8 42. Kf3 Qd8 43. Qxf4 Qd5+ 44. Kg3 Qd3+ 45. Kg2 Qd5+
46. Kh2 Qb3 47. Qxh6 Qxb2 48. Qg5+ Kh7 49. Qc5 Qc1 50. Kg2 Qb2 51. h4 Qe2 52.
Qf5+ Kg8 53. h5 Qc4 54. Qf3 a5 55. Kg3 Qc7+ 56. Kh3 Qc4 57. h6 Qf1+ 58. Kh2 Qc4
59. Kh3 Kh7 60. Qf6 1-0

[Event "oibm_2008"]
[Site "Bad Wiessee"]
[Date "2008.11.02"]
[Round "2.36"]
[White "Probst, Albert"]
[Black "Köpke, Christian"]
[Result "0-1"]
[WhiteElo "2108"]
[BlackElo "2356"]
[PlyCount "114"]
[EventDate "2008.??.??"]

1. Nf3 f5 2. d4 Nf6 3. c4 g6 4. g3 Bg7 5. Bg2 O-O 6. O-O d6 7. Nc3 Nc6 8. b3 e5
9. dxe5 dxe5 10. Qxd8 Rxd8 11. e4 fxe4 12. Ng5 Nd4 13. Ngxe4 Nxe4 14. Bxe4 c6
15. Bg5 Rf8 16. Kg2 Bf5 17. Rad1 Rf7 18. Bd3 Bg4 19. Rc1 Bf3+ 20. Kg1 e4 21.
Bxe4 Bxe4 22. Nxe4 Ne2+ 23. Kg2 Nxc1 24. Rxc1 a5 25. Rd1 a4 26. Nc5 a3 27. Ne6
Bf6 28. Be3 Re7 29. Nc5 Bg7 30. Na4 b5 31. Nb6 Rb8 32. c5 Rbe8 33. Rd6 Re6 34.
Rd7 Bf8 35. Ra7 b4 36. Ra4 Rxe3 37. fxe3 Rxe3 38. Ra8 Kf7 39. Nd7 Be7 40. Kf2
Rc3 41. Ne5+ Ke6 42. Nxc6 Bxc5+ 43. Ke1 Rc1+ 44. Kd2 Ra1 45. Kd3 Kd5 46. Na5
Rxa2 47. Nc4 Rxh2 48. Ra5 Rh3 49. Ne3+ Kc6 50. Nf1 Kb6 51. Ra8 Kb5 52. Rb8+ Bb6
53. Re8 Rh5 54. Re1 Rd5+ 55. Kc2 Bd4 56. Kb1 Bc3 57. Rc1 Re5 0-1

[Event "oibm_2008"]
[Site "Bad Wiessee"]
[Date "2008.11.02"]
[Round "2.37"]
[White "König, Dietrich"]
[Black "Callenberg, Ralf"]
[Result "1/2-1/2"]
[WhiteElo "2353"]
[BlackElo "2108"]
[PlyCount "131"]
[EventDate "2008.??.??"]

1. d4 Nf6 2. c4 g6 3. Nc3 d5 4. e3 Bg7 5. Nf3 O-O 6. Be2 c5 7. O-O cxd4 8. exd4
Nc6 9. Re1 Be6 10. Ng5 Bf5 11. Be3 Rc8 12. Rc1 dxc4 13. Bxc4 Ng4 14. Nf3 Nxe3
15. fxe3 e5 16. d5 Nb4 17. e4 Rxc4 18. exf5 Re8 19. fxg6 hxg6 20. Qb3 b5 21.
Ne4 Rxc1 22. Rxc1 Nxd5 23. Kh1 Nc7 24. Nfg5 Ne6 25. Rf1 Re7 26. Nxf7 Rxf7 27.
Qxe6 Qe7 28. Qd5 Qb7 29. Qb3 Kf8 30. Rxf7+ Qxf7 31. Qxb5 Qxa2 32. Qb4+ Kg8 33.
h4 Qf7 34. Ng5 Qf1+ 35. Kh2 Qf4+ 36. Qxf4 exf4 37. b3 Be5 38. Kh3 Kg7 39. Kg4
Kf6 40. Nh3 f3 41. Kxf3 Bc3 42. Nf4 Be1 43. Kg4 Bd2 44. g3 a5 45. Nd3 Be3 46.
Kf3 Bd2 47. Ke4 Ke6 48. g4 Bc3 49. Nf4+ Kf7 50. Kd3 Be1 51. Ng2 Bg3 52. Kc4 Be5
53. Ne3 Bg3 54. Ng2 Be5 55. Kb5 Bc3 56. Ne3 Be1 57. h5 gxh5 58. gxh5 Kf6 59.
Nc4 Kg5 60. Nxa5 Kxh5 61. Nc6 Kg6 62. Kc4 Kf7 63. Nd4 Ke7 64. Ne2 Kd6 65. Nf4
Kc6 66. Nd3 1/2-1/2

[Event "oibm_2008"]
[Site "Bad Wiessee"]
[Date "2008.11.02"]
[Round "2.38"]
[White "Humburg, Christoph"]
[Black "de Francesco, Klaus"]
[Result "0-1"]
[WhiteElo "2105"]
[BlackElo "2345"]
[PlyCount "76"]
[EventDate "2008.??.??"]

1. d4 Nf6 2. Nf3 e6 3. c4 Bb4+ 4. Bd2 Qe7 5. a3 Bxd2+ 6. Nbxd2 a5 7. g3 Nc6 8.
Bg2 d6 9. e4 a4 10. O-O e5 11. d5 Nb8 12. Qc2 Bg4 13. h3 Bxf3 14. Bxf3 Nbd7 15.
b4 axb3 16. Nxb3 O-O 17. Rfc1 Nc5 18. Nxc5 dxc5 19. Rcb1 b6 20. Rb5 Ne8 21. a4
Nd6 22. Rb3 Ra5 23. Re3 Rfa8 24. Bg4 Qe8 25. Bd1 f6 26. f4 exf4 27. gxf4 Qg6+
28. Kh2 Qh6 29. Qf2 Nxc4 30. Rg3 Re8 31. Bc2 Re7 32. Rg4 f5 33. Rh4 Qf6 34. e5
Nxe5 35. fxe5 Qxe5+ 36. Qf4 Qxa1 37. d6 Re2+ 38. Kg3 Qg1+ 0-1

[Event "oibm_2008"]
[Site "Bad Wiessee"]
[Date "2008.11.02"]
[Round "2.39"]
[White "Demir, Bilal"]
[Black "Deglmann, Ludwig"]
[Result "0-1"]
[WhiteElo "2104"]
[BlackElo "2342"]
[PlyCount "82"]
[EventDate "2008.??.??"]

1. e4 g6 2. d4 Bg7 3. Nc3 d6 4. Nf3 a6 5. a4 b6 6. Bc4 e6 7. O-O Ne7 8. Re1 O-O
9. e5 Bb7 10. Bf4 Bxf3 11. Qxf3 d5 12. Ne2 f6 13. exf6 Rxf6 14. h4 h6 15. Bd3
g5 16. hxg5 hxg5 17. Qg4 gxf4 18. Nxf4 Rxf4 19. Qxf4 Nbc6 20. c3 Qd7 21. Qg4 a5
22. Re3 Nf5 23. Rh3 Qf7 24. Re1 Rf8 25. Qg5 Nd8 26. Rf3 Qf6 27. Qxf6 Bxf6 28.
Bxf5 exf5 29. Rxf5 c6 30. f4 Bxd4+ 31. cxd4 Rxf5 32. g3 Kf7 33. Kf2 Rf6 34. Re5
Re6 35. Rh5 Re4 36. Rh7+ Ke6 37. Rh8 Nf7 38. Re8+ Kd7 39. Rxe4 dxe4 40. Ke3 Nd6
41. g4 Ke6 0-1

[Event "oibm_2008"]
[Site "Bad Wiessee"]
[Date "2008.11.02"]
[Round "2.40"]
[White "Baldauf, Marco"]
[Black "Wallhof, Dieter"]
[Result "1-0"]
[WhiteElo "2325"]
[BlackElo "2106"]
[PlyCount "41"]
[EventDate "2008.??.??"]

1. e4 c5 2. Nf3 e6 3. d4 cxd4 4. Nxd4 a6 5. Bd3 Bc5 6. Nb3 Ba7 7. Nc3 Nc6 8.
Qe2 Qc7 9. Be3 Bxe3 10. Qxe3 Nf6 11. f4 d6 12. g4 b5 13. O-O-O O-O 14. g5 Nd7
15. Qh3 g6 16. f5 Nde5 17. Be2 b4 18. f6 Kh8 19. Rhg1 bxc3 20. Qh6 Rg8 21. Rg3
1-0

[Event "oibm_2008"]
[Site "Bad Wiessee"]
[Date "2008.11.03"]
[Round "3.16"]
[White "Llaneza Vega, Marcos"]
[Black "Glaser, Christian"]
[Result "1-0"]
[WhiteElo "2485"]
[BlackElo "2217"]
[PlyCount "63"]
[EventDate "2008.??.??"]
[WhiteTeam "Spanien"]
[BlackTeam "BC Aichach"]
[WhiteTeamCountry "ESP"]

1. e4 c6 2. Nc3 d5 3. Nf3 dxe4 4. Nxe4 Nf6 5. Ng3 c5 6. Bc4 Nc6 7. O-O Bg4 8.
h3 Bxf3 9. Qxf3 e6 10. a3 Be7 11. d3 O-O 12. Re1 Nd4 13. Qd1 b5 14. Ba2 Rc8 15.
Bd2 Bd6 16. Ne4 Bb8 17. c3 Nxe4 18. dxe4 Nc6 19. Qe2 Qc7 20. g3 c4 21. Rad1
Rfd8 22. Bb1 a6 23. h4 e5 24. Bc2 Rd6 25. Bg5 Rxd1 26. Rxd1 f6 27. Bxf6 gxf6
28. Qg4+ Kf8 29. Rd7 Qxd7 30. Qxd7 Rc7 31. Qd6+ Kg7 32. Bd1 1-0

[Event "oibm_2008"]
[Site "Bad Wiessee"]
[Date "2008.11.03"]
[Round "3.10"]
[White "Jaracz, Pawel"]
[Black "Raykhman, Alexander"]
[Result "1/2-1/2"]
[WhiteElo "2513"]
[BlackElo "2262"]
[PlyCount "43"]
[EventDate "2008.??.??"]
[WhiteTeamCountry "ESP"]

1. Nf3 d6 2. d4 Nf6 3. g3 g6 4. Bg2 Bg7 5. c4 O-O 6. Nc3 Nc6 7. O-O a6 8. h3
Bd7 9. e4 e5 10. dxe5 dxe5 11. Re1 Be6 12. Nd5 Nd7 13. b3 Na5 14. Bg5 f6 15.
Bd2 c6 16. Rc1 c5 17. h4 Nc6 18. h5 Nd4 19. Nxd4 cxd4 20. hxg6 hxg6 21. f4 a5
22. Rf1 1/2-1/2